000 00427nam a2200157Ia 4500
008 100122s9999 xx 000 0 und d
082 _b77532
_a824
100 _aतेंडुलकर प्रिया
245 _aपंचतारांकित
250 _a4
260 _c2006
300 _a134
630 _aपंचतारांकित
730 _aपंचतारांकित
942 _cBOOK
999 _c394680
_d394677